Ante un sindicalismo nuevo / (Record no. 112234)

MARC details
000 -LEADER
campo de control de longitud fija 00623nam a2200205 4500
001 - NÚMERO DE CONTROL
campo de control 112234
003 - IDENTIFICADOR DE NÚMERO DE CONTROL
campo de control ES-MaACL
005 - FECHA Y HORA DE LA ÚLTIMA TRANSACCIÓN
campo de control 20230906185458.0
007 - CAMPO FIJO DE DESCRIPCIÓN FÍSICA--INFORMACIÓN GENERAL
campo de control de longitud fija t|
008 - DATOS DE LONGITUD FIJA--INFORMACIÓN GENERAL
campo de control de longitud fija 061121s1957 sp r ||||1| spa d
100 1# - ENTRADA PRINCIPAL--NOMBRE DE PERSONA
Nombre de persona Muñoz Campos, Juan.
9 (RLIN) 84366
245 10 - MENCIÓN DEL TÍTULO
Título Ante un sindicalismo nuevo /
Mención de responsabilidad, etc. Juan Muñoz Campos , Enrique Cerezo Carrasco.
260 ## - PUBLICACIÓN, DISTRIBUCIÓN, ETC.
Lugar de publicación, distribución, etc. Madrid :
Nombre del editor, distribuidor, etc. Euramérica,
Fecha de publicación, distribución, etc. 1957.
300 ## - DESCRIPCIÓN FÍSICA
Extensión 210 p. ;
Dimensiones 18 cm.
490 1# - MENCIÓN DE SERIE
Mención de serie Colección mundo mejor
700 1# - ENTRADA AGREGADA--NOMBRE PERSONAL
Nombre de persona Cerezo Carrasco, Enrique.
9 (RLIN) 37502
830 0# - PUNTO DE ACCESO ADICIONAL DE SERIE-TÍTULO UNIFORME
Título uniforme Colección mundo mejor
9 (RLIN) 183287
852 ## - LOCALIZACIÓN
Ubicación ES-MaACL
Número de control de estantería C-12601
Sublocalización o colección R.40361
Holdings
Estatus retirado Estado de pérdida Estado de daño No para préstamo Biblioteca de origen Biblioteca actual Ubicación en estantería Fecha de adquisición Fuente de adquisición Total de préstamos Signatura topográfica completa Código de barras Visto por última vez Precio de reemplazo Tipo de ítem Koha
        Biblioteca del Ateneo de Madrid Biblioteca del Ateneo de Madrid Sala Palomar 17/01/2008     C-12601 1117076 23/02/2023 23/02/2023 Libro impreso